LIBRARY & INFORMATION CENTRE, KCAET, TAVANUR

ONLINE PUBLIC ACCESS CATALOGUE (OPAC)

A Textbook Of Engineering Physics : For B.E./B.Tech. Students of Kerala Universities (Record no. 14286)

MARC details
000 -LEADER
fixed length control field 00342nam a22001217a 4500
020 ## - INTERNATIONAL STANDARD BOOK NUMBER
ISBN 8121929296
082 ## - DEWEY DECIMAL CLASSIFICATION NUMBER
Classification number 530
Item number VAS/TE
100 ## - MAIN ENTRY--AUTHOR NAME
Personal name Vasudeva,A.S
245 ## - TITLE STATEMENT
Title A Textbook Of Engineering Physics : For B.E./B.Tech. Students of Kerala Universities
260 ## - PUBLICATION, DISTRIBUTION, ETC. (IMPRINT)
Place of publication New Delhi
Name of publisher S. Chand and Company Ltd
Year of publication 2011
300 ## - PHYSICAL DESCRIPTION
Number of Pages 756
942 ## - ADDED ENTRY ELEMENTS (KOHA)
Koha item type Books
Holdings
Withdrawn status Lost status Damaged status Collection code Home library Current library Shelving location Date acquired Source of acquisition Cost, normal purchase price Full call number Accession Number Koha item type
        KAUAET KAUAET General Stacks 13/06/2016 Penta Books, Calicut 270.00 530 VAS/TE 24205 Books
free website counter